Páginas de un pobre diablo
Guardado en:
| Autor principal: | |
|---|---|
| Formato: | Libro |
| Lenguaje: | español |
| Publicado: |
Santiago
Nascimento
1923
|
| Edición: | 1a. ed |
| Colección: | Millaray
|
| Materias: | |
| Etiquetas: |
Agregar Etiqueta
Sin Etiquetas, Sea el primero en etiquetar este registro!
|
MARC
| LEADER | 00000nam a2200000 a 4500 | ||
|---|---|---|---|
| 001 | UCJ3353 | ||
| 003 | CL-VaPUC | ||
| 008 | 070124e19230000CL |||||||||||||||||spa|d | ||
| 082 | 0 | 4 | |a Ch863 |b BAR |2 21 |
| 100 | 0 | |a Barrios, Eduardo |e author |9 320692 | |
| 245 | 1 | 0 | |a Páginas de un pobre diablo |
| 250 | |a 1a. ed | ||
| 300 | |a 228 p | ||
| 942 | |c BK | ||
| 945 | |d 20070124 00:00:00 |a rinostro | ||
| 260 | |a Santiago |b Nascimento |c 1923 | ||
| 650 | 0 | |a Novela chilena |9 307631 | |
| 583 | |a last modification |c 20070124 00:00:00 |k Rodrigo Vera | ||
| 490 | 0 | |a Millaray | |
| 999 | |c 319475 |d 319473 | ||
| 952 | |0 0 |1 0 |4 0 |6 CH_863_000000000000000_BAR_1923 |7 0 |8 X |9 397803 |a FDOBUD |b FDOBUD |d 2019-11-22 |i 1002996 |o Ch863 BAR 1923 |p 1002996 |r 2019-11-22 |w 2019-11-22 |y BK_X |k BUD | ||